The Walking Dead saison 1 - Statistiques

Statistiques générales
  • Ce quiz a été pris 42 fois
  • Le résultat moyen est 6 sur 35
Statistiques - réponses
Hint Réponse % Correct
1 Rick Grimes
91%
3 Carl Grimes
77%
2 Lori Grimes
63%
7 Daryl Dixon
57%
8 Merle Dixon
51%
12 T dog
37%
18 Glenn Rhee
31%
4 Carol Peletier
29%
14 Shane Walsh
29%
5 Ed Peletier
20%
9 Jim
20%
6 Sophia Peletier
20%
10 Jacqui
17%
11 Morales
17%
26 Edwin Jenner
9%
16 Amy Harrison
6%
15 Andrea Harrison
6%
27 Candace Jenner
6%
13 Dale Horvath
6%
25 Duane Jones
6%
24 Morgan Jones
6%
29 Abuela
3%
35 Jenny Jones
3%
33 Louis
3%
21 Miguel
3%
34 Eliza
0%
20 Felipe
0%
17 Guillermo
0%
19 Jorge
0%
23 Lambert Kendal
0%
22 Leon Basset
0%
32 Miranda
0%
30 Mr Gilbert
0%
31 VI
0%
28 Wayne Dunlap
0%
Aucun quiz correspondant
Distribution des résultats
% des personnes avec chaque résultat
Percentile par nombre de réponses
Votre historique - résultats
Vous n’avez pas pris ce quiz